000 00473nam a2200181Ia 4500
001 10763
005 20260306161856.0
008 260306t1992||||xx |||||||||||||| ||spa||
041 _aESP
082 _a949.4
_bC76
100 _aComisión de Coordinación para la presencia de Suiza en el extranjero
_eAUT
245 0 _aSuiza:
_bvista desde fuera
260 _c1992
300 _a214 páginas :
_c29 cm.
650 _aGEN
654 _aCHU
942 _cLIB
_dJUS
_fJUS
_2ddc
_n
999 _c10763
_d10763